Top 9 najsilniejszych tornad w historii USA. - Statystyki

Ogólne statystyki
  • Ten quiz został rozwiązany 26 razy
  • Średni wynik to 3 z 9
Statystyki odpowiedzi
Siła w skali EF: Nazwa tornada: % Poprawnych
EF5 (najsilniejsza kiedykolwiek zarejestrowana prędkość wiatru w tornadzie.) Bridge Creek-Moore Tornado
94%
EF5 Joplin Tornado
69%
EF5 Moore Tornado
56%
EF5 Tri-State Tornado
38%
EF4 Mayfield Tornado
19%
EF3 St.Louis Tornado
19%
EF3 St.Louis Tornado
19%
EF4 Tuscaloosa Tornado
13%
EF5 Tupelo Tornado
6%
Nie znaleziono quizów pasujących do podanych kryteriów
Rozkład punktacji
Procent ludzi z każdym wynikiem
Percentyl według liczby udzielonych odpowiedzi
Twoja historia wyników
Nie rozwiązałeś tego quizu